00892nam a2200241 i 4500003000900000005001700009008004100026040004300067082002400110100003300134245010800167264007500275300004000350336002400390337002800414338004300442504000600485546002400491650003400515651000600549700003800555856005700593EG-GICUC20260302062013.0260302s1986 fr ||||fr|||| 00| 0 fre d aEG-GiCUCbfrecEG-GiCUCdEG-GiCUCeRda04221a341.073bFA . I1 aFarnsworth, E.allan eAuteur10aIntroduction Au Système Juridique Des Etats-unis / b cE.allan Farnsworth ; Bruno Baron-renault. n  1aParis : bLibrairie Générale De Droit Et De Jurisprudence, c1986. a235page : billustration ;c 24 cm. 2rda contenua texte 2rda mediasaOrdinateur 2 transporteur rdaa Ressource en ligne a  aTexte en français14aDroit international public2 1 2 1 aBaron-renault, Bruno eTraducteur40uhttps://fll.law.cu.edu.eg/fulltext/bks/B11-08812.pdf